00382nam a2200157Ia 4500008004100000041001200041082001600053100002100069245003100090250000800121260004300129300000800172650000800180700001800188700001800206221030s9999 xx 000 0 und d aEnglish a105.23bCha aD. Chattopadhyay 0aFoundations of Electronics a2nd bNew Age International Pub.aPunec1984 a456 aECE aN. N. Purkait aP. C. Rakshit